=LDR 00000nam 2200000 4500 =001 INLIS000000000054472 =005 20200205082340 =035 ##$$a 0010-0220000034 =007 ta =008 200205###########################0###### =020 ##$$a 978-979-1025-29-4 =082 ##$$a 959.865 =084 ##$$a 959.865 Man n =245 1#$$a NTB bumi gora : $b perjalanan sebuah identitas /$c Manggaukan Raba =300 ##$$a 207 halaman ; $c 21 cm =500 ##$$a Biografi halaman 206-207 =504 ##$$a Bibliografi halaman 198-205 =600 #4$$a Nusa Tenggara Barat-Sejarah-Pembangunan =740 ##$$a NTB bumi gora =264 ##$$a Gunung Sari :$b Arga Puji Press,$c 2012 =336 ##$$a buku$2 rdacontent =337 ##$$a lain-lain$2 rdamedia =338 ##$$a lain-lain$2 rdacarrier =990 ##$$a 02260226 =990 ##$$a 297/46/2017